000 00260nam a2200109Ia 4500
008 230312s9999||||xx |||||||||||||| ||und||
082 _a657
_bBRI-M
100 _aO brien lewis garnett hubbard
245 0 _aMicroeconomics 3
650 _aManagement
942 _cBK
999 _c14714
_d14714